| 000 | 02722cam a22006734i 4500 | ||
|---|---|---|---|
| 003 | PE-LiUPU | ||
| 005 | 20250731170427.0 | ||
| 008 | 121204s2012 sp a rb 001 0 spa d | ||
| 020 | _a8434405520 | ||
| 020 | _a9788434405523 | ||
| 035 | _a(Sirsi) i9788434405523 | ||
| 035 | _a(OCoLC)826292700 | ||
| 040 |
_aPRUAPE-LiUPU _bspa _cPE-LiUPU _erda |
||
| 049 | _aPRUA | ||
| 082 | 0 | 4 |
_a177.3 _bA72 _223 |
| 100 | 1 |
_aAriely, Dan, _eautor. |
|
| 245 | 1 | 0 |
_aPor qué mentimos... en especial a nosotros mismos : _bla ciencia del engaño puesta al descubierto _cDan Ariely ; traducción de Joan Soler. |
| 250 | _a1a edición. | ||
| 264 | 1 |
_aBarcelona : _bAriel, _c2012. |
|
| 300 |
_a260 páginas ; _c23 centímetros |
||
| 336 |
_atext _2rdacontent |
||
| 337 |
_aunmediated _2rdamedia |
||
| 338 |
_avolume _2rdacarrier |
||
| 504 | _aBibliografía: páginas 237-246. | ||
| 504 | _aÍndice: páginas 247-260. | ||
| 505 | 0 | _a¿Por qué están importante la deshonestidad? Test del modelo simple de crimen racional (SMORC) -- Diversión con el factor de tolerancia -- Cegados por nuestras propias motivaciones -- Por qué lo echamos a perder cuando estamos cansados -- Por qué engañamos más si llevamos falsificaciones -- Nos engañamos a nosotros mismos -- Creatividad y deshonestidad: todos somos cuentistas -- El engaño como infección: cómo nos contagiamos del microbio de la deshonestidad -- Engaño en colaboración: por qué dos cabezas no son necesariamente mejor que una -- Final semioptimista: ¡las personas no engañan lo suficiente!. | |
| 526 | _aSEG68 | ||
| 526 | _aSEG70 | ||
| 526 | _aSEG69 | ||
| 526 | _aSEG67 | ||
| 526 | _aSEG43 | ||
| 526 | _aP144 | ||
| 526 | _aP143 | ||
| 526 | _aP131 | ||
| 526 | _aP122 | ||
| 526 | _aP120 | ||
| 526 | _aP117 | ||
| 526 | _aP112 | ||
| 526 | _aP110 | ||
| 526 | _aP106 | ||
| 526 | _aP101 | ||
| 526 | _aP80 | ||
| 526 | _aP59 | ||
| 526 | _aP54 | ||
| 526 | _aP35 | ||
| 526 | _aP33 | ||
| 526 | _aP30 | ||
| 541 | _gF002-00000792; | ||
| 650 | 0 | _aHonradez. | |
| 650 | 0 | _aVerdad y falsedad. | |
| 650 | 4 |
_aSociología de la educación. _91088 |
|
| 650 | 4 |
_aVerdad y mentira _xAspecto social. |
|
| 910 |
_adbm _bjpc _cjpc _d20190307 |
||
| 942 |
_2ddc _cBOOK |
||
| 949 |
_a177.3 A72 _wDEWEY _c1 _i79895 _lCATALOGING _mBUL _p _32.00 _r0 _sY _tBOOK _u2019-03-07 _xSALUD _zP33 _0COMPRA _o.STAFF. Colección Ciencias de la Salud |
||
| 994 |
_aC0 _bPEPRU |
||
| 596 | _a1 | ||
| 999 |
_a177.3 A72 _wDEWEY _c31181 _i79895 _d31181 _f2021-11-4 _g3 _lCCODEBUL1 _mBUL _q1 _r0 _sY _tBOOK _u2019-3-7 _xBIBLIOTECA _PP33 _0COMPRA _1FCOMPR2 _o.STAFF. Colección Ciencias de la Salud |
||
| 980 |
_81 _gALBERTO SANCHEZ Responsable de Automatización |
||